000 00601nam 22002173 4500
001 201687
021 _aPT
_b35793/90
090 _a201687
100 _a20260408d u||y0pory50 ba
200 _aTodas as lágrimas do inferno
_fW. Vance, J. Van Hamme
210 _aLisboa
_cMeribérica/Liber
_dD. L. 1990
215 _a48 p.
_cil. ; brochado
_d29 cm
225 _aXIII
606 _aDesenho Artístico
_91586
610 _aBanda desenhada
675 _a74
_vPT
_zpor
700 _aVance
_917032
_bWilliam
701 _916922
_aHamme
_bJean Van
_f1939-
801 _aPT
_bBMMN
_gRPC
830 _cIsabel
990 _cLIVROS